Normal view
MARC view
- Jafri, Islam Nabi
Entry Personal Name
001 - CONTROL NUMBER
- control field: 85837
003 - CONTROL NUMBER IDENTIFIER
- control field: NUST
005 - DATE AND TIME OF LATEST TRANSACTION
- control field: 20211206195249.0
008 - FIXED-LENGTH DATA ELEMENTS
- fixed length control field: 211206|| aca||aabn | a|a d
040 ## - CATALOGING SOURCE
- Original cataloging agency: NUST
- Transcribing agency: NUST
100 ## - HEADING--PERSONAL NAME
- Personal name: Jafri, Islam Nabi
670 ## - SOURCE DATA FOUND
- Source citation: Work cat.: (NUST): Jafri, Islam Nabi, The Qur'aan Holds the Keys, 2006
